Online
Catalog
Normal view MARC view

Entry Nombre corporativo

Number of records used in: 33

001 - NÚMERO DE CONTROL

  • campo de control: 64396

003 - IDENTIFICADOR DEL NÚMERO DE CONTROL

  • campo de control: BNPHU

005 - FECHA Y HORA DE LA ÚLTIMA TRANSACCIÓN

  • campo de control: 20250211094043.0

008 - DATOS DE LONGITUD FIJA

  • campo de control de longitud fija: 200615|| aca||aabn | a|a d

010 ## - NÚMERO DE CONTROL DE LA BIBLIOTECA DEL CONGRESO

  • Número de control de LC: n 2004106148
  • Número de control de LC cancelado o no válido: no2002039507

040 ## - FUENTE DE LA CATALOGACIÓN

  • Centro catalogador/agencia de origen: DO-SdBNP
  • Lengua de catalogación: spa
  • Centro/agencia transcriptor: BNPHU
  • Normas de descripción: rda

110 1# - ENCABEZAMIENTO-NOMBRE DE ENTIDAD CORPORATIVA

  • Nombre de entidad corporativa o nombre de jurisdicción como elemento de entrada: República Dominicana. Consejo Nacional de Reforma del Estado

368 ## - OTROS ATRIBUTOS DE PERSONA O ENTIDAD CORPORATIVA

  • Tipo de entidad corporativa: Agencias administrativas

410 1# - TRAZADO DE VÉASE--NOMBRE DE ENTIDAD CORPORATIVA

  • Nombre de entidad corporativa o nombre de jurisdicción como elemento de entrada: República Dominicana.
  • Unidad subordinada: CONARE

410 1# - TRAZADO DE VÉASE--NOMBRE DE ENTIDAD CORPORATIVA

  • Nombre de entidad corporativa o nombre de jurisdicción como elemento de entrada: Consejo Nacional de Reforma del Estado (República Dominicana)

410 1# - TRAZADO DE VÉASE--NOMBRE DE ENTIDAD CORPORATIVA

  • Nombre de entidad corporativa o nombre de jurisdicción como elemento de entrada: CONARE (República Dominicana)

410 2# - TRAZADO DE VÉASE--NOMBRE DE ENTIDAD CORPORATIVA

  • Nombre de entidad corporativa o nombre de jurisdicción como elemento de entrada: Consejo Nacional para la Reforma del Estado (República Dominicana)

670 ## - FUENTE DE DATOS ENCONTRADOS

  • Cita de la fuente: Work cat.: (OSt)37477: Consejo Nacional de Reforma del Estado (CONARE), Taller :, 2007.

670 ## - FUENTE DE DATOS ENCONTRADOS

  • Cita de la fuente: República Dominicana. Consejo Nacional de Reforma del Estado. Anteproyecto de ley orgánica municipal, 2001:
  • Información encontrada: Cubierta (Consejo Nacional de Reforma del Estado--CONARE)

670 ## - FUENTE DE DATOS ENCONTRADOS

  • Cita de la fuente: Constitución de la República Dominicana (anteproyecto), 2001:
  • Información encontrada: (Consejo Nacional para la Reforma del Estado) cubierta (CONARE, Consejo Nacional para la Reforma del Estado)

670 ## - FUENTE DE DATOS ENCONTRADOS

  • Identificador Uniforme del Recurso: https://authorities.loc.gov/cgi-bin/Pwebrecon.cgi?AuthRecID=6324837&v1=1&HC=1&SEQ=20250211093135&PID=snd-wKzwCwJtMusi-vNEZYyqIeih Consultado en 11 de febrero, 2025

Powered by Koha